000 00658nam a2200277Ia 4500
001 Z_4293
003 CHAP
008 220113s1983 xx 000 0 und d
010 _a167358
040 _cCHAP
082 _a596 A5
100 _aAlvarez del Villar, José
_94906
245 _aLos cordados : origen, evolución y hábitos de los vertebrados /
_cpor José Alvarez del Villar
260 _aMéxico, D.F. :
_bCECSA,
_c1983
300 _a372 p. ; ilus.
440 _a
500 _a
503 _a136642
650 _aCordados
_927938
901 _a596 A5
902 _aA
910 _a1983
942 _c1
942 _cc1
999 _c167358
_d167358